000 01599cam a2200289 i 4500
001 17804159
003 ASAB
005 20180827062637.0
008 130708s2014 maua b 001 0 eng
010 _a 2013015263
020 _a978-1-284-03424-0
040 _aDLC
_beng
_cASAB
_erda
_dDLC
042 _apcc
050 0 0 _aQH324.2
_b.S72 2014
082 0 0 _a572
_223
100 1 _aSt. Clair, Caroline.
_91876
245 1 0 _aExploring bioinformatics :
_ba project-based approach /
_cSt. Clair, Caroline & Visick, Jonathan E.
250 _aSecond edition.
300 _axi, 297 pages ;
_c26 cm
504 _aIncludes bibliographical references and index.
505 0 _aBioinformatics and genomic data: investigating a complex genetic disease -- Computational manipulation of DNA: genetic screening for disease alleles -- Sequence alignment: investigating an influenza outbreak -- Database searching and multiple alignment: investigating antibiotic resistance -- Substitution matrices and protein alignments: virulence factors in e. coli -- Distance measurement in molecular phylogenetics: evolution of mammals -- Tree building in molecular phylogenetics: the three domains of life -- DNA sequencing: identification of novel viral pathogens -- Sequence-based gene prediction: annotation of a resistance plasmid.
650 0 _aBioinformatics.
_91877
700 1 _aVisick, Jonathan.
_91878
906 _a7
_bcbc
_corignew
_d1
_eecip
_f20
_gy-gencatlg
942 _2ddc
_cBK
999 _c480113
_d480113